| 000 | 00804cam a22002412 4500 | ||
|---|---|---|---|
| 001 | 0000021199 | ||
| 005 | 20151217152227.0 | ||
| 008 | 120203s xx 000 0 eng d | ||
| 020 | _a0072397853 : | ||
| 040 |
_aKABU _cKABU |
||
| 050 | 0 |
_aHF5657.4 _b.G37 2003 |
|
| 100 | 1 |
_aGarrison, Ray H. _@0000159885 |
|
| 245 | 1 | 0 |
_aManagerial accounting / _cRay H. Garrison and Eric W. Noreen. |
| 250 | _a9th ed. | ||
| 260 |
_aBoston : _bMcGraw-Hill, _c2000. |
||
| 300 |
_axxxv, 923 p. + _e2 computer laser optical dics (43/4 in.) |
||
| 650 | 0 |
_aManagerial accounting. _@0000151472 |
|
| 700 | 1 |
_aNoreen, Eric W. _@0000159886 |
|
| 852 | 1 | _9p3000 KES | |
| 852 | 1 | _9p3000 KES | |
| 908 | _a120203 | ||
| 950 | _@1 | ||
| 999 |
_c9589 _d9589 |
||